000 00983nam a2200253 i 4500
001 125146
003 ES-MaACL
005 20250818063055.0
007 t|
008 070504s1932 sp ||||1| spa d
080 _a860-22"19"
100 1 _aVerneuil, Louis,
_d1893-1952
_9114177
245 1 3 _aLa señorita mamá
_b: comedia en tres actos /
_cLouis Verneuil ; versión castellana de Enrique F. Gutiérrez Roig ; dibujos de Antonio Merlo.
260 _aMadrid :
_b[s.n.],
_c1932 (
_fRivadeneyra)
300 _a61 p. ;
_c17 cm.
490 1 _aLa Farsa ;
_v243
500 _aEstrenada en el Teatro Muñoz Seca, de Madrid, el día 15 de abril de 1932.
500 _aCubierta de este número: la actriz argentina Fanny Brena, feliz intérprete de La señorita mamá.
700 1 _aGutiérrez-Roig, Enrique F.
_961218
700 1 _aMerlo, Antonio.
_980579
830 0 _aLa Farsa ;
_v243
_9185863
852 _aES-MaACL
_j2225-F-5
_bR.140775
999 _c125146
_d125146